| 000 | 00385nam a22001457a 4500 | ||
|---|---|---|---|
| 005 | 20250519030746.0 | ||
| 008 | 250519b |||||||| |||| 00| 0 eng d | ||
| 082 |
_222 _a305 |
||
| 245 | _aManawa Hemikang asin Gantha Haithiwansikam | ||
| 250 | _aGodakantha Aarchi , theja | ||
| 260 |
_aColombo _bCenwo |
||
| 300 | _a36 p ., | ||
| 500 | _aWomen's Rights through Human Rights | ||
| 942 | _cL | ||
| 999 |
_c6051 _d6051 |
||